000 00407nam a2200181Ia 4500
005 20240823035113.0
008 240823s9999||||xx |||||||||||||| ||und||
041 _aENGLISH
082 _A891.4 P8
100 _aKamala Markandaya
245 2 _aA Handful of Rice
250 _a1st
260 _c2008
_b"Penguin Books,En"
500 _aYES
650 _aNovel
_bEnglish
942 _cBK
999 _c199886
_d199886